LIBRARY & INFORMATION CENTRE, KCAET, TAVANUR

ONLINE PUBLIC ACCESS CATALOGUE (OPAC)

Normal view MARC view
  • GISHA G. NAIR

Entry Personal Name

Number of records used in: 1

001 - CONTROL NUMBER

  • control field: 2506

003 - CONTROL NUMBER IDENTIFIER

  • control field: OSt

005 - DATE AND TIME OF LATEST TRANSACTION

  • control field: 20180116103949.0

008 - FIXED-LENGTH DATA ELEMENTS

  • fixed length control field: 180116|| aca||aabn | a|a d

040 ## - CATALOGING SOURCE

  • Original cataloging agency: OSt
  • Transcribing agency: OSt

100 ## - HEADING--PERSONAL NAME

  • Personal name: GISHA G. NAIR

670 ## - SOURCE DATA FOUND

  • Source citation: Work cat.: (OSt): DWIJA L. R 2505, Development and testing of a cassava peeler
free website counter